|
|
|
|
| LEADER |
02447nam a22004335i 4500 |
| 001 |
978-88-470-1881-5 |
| 003 |
DE-He213 |
| 005 |
20130725234451.0 |
| 007 |
cr nn 008mamaa |
| 008 |
110707s2011 it | s |||| 0|ita d |
| 020 |
|
|
|a 9788847018815
|9 978-88-470-1881-5
|
| 024 |
7 |
|
|a 10.1007/978-88-470-1881-5
|2 doi
|
| 040 |
|
|
|d GrThAP
|
| 050 |
|
4 |
|a RD701-811
|
| 072 |
|
7 |
|a MNS
|2 bicssc
|
| 072 |
|
7 |
|a MED065000
|2 bisacsh
|
| 082 |
0 |
4 |
|a 616.7
|2 23
|
| 100 |
1 |
|
|a Tarantino, Umberto.
|e author.
|
| 245 |
1 |
0 |
|a La gestione delle fratture da fragilità ossea
|h [electronic resource] :
|b Raccomandazioni per chirurghi ortopedici /
|c by Umberto Tarantino, Giuseppina Resmini.
|
| 264 |
|
1 |
|a Milano :
|b Springer Milan,
|c 2011.
|
| 300 |
|
|
|a IX, 47 pagg.
|b online resource.
|
| 336 |
|
|
|a text
|b txt
|2 rdacontent
|
| 337 |
|
|
|a computer
|b c
|2 rdamedia
|
| 338 |
|
|
|a online resource
|b cr
|2 rdacarrier
|
| 347 |
|
|
|a text file
|b PDF
|2 rda
|
| 520 |
|
|
|a L’invecchiamento della popolazione ha portato ad un significativo aumento dei soggetti osteoporotici, con un drammatico innalzamento del’incidenza delle fratture da fragilità che rappresentano la più grave complicanza. È necessario quindi individuare il corretto iter diagnostico terapeutico da intraprendere di fronte ad un paziente fratturato, per poter individuare la fragilità ossea sottostante e evitare così la successiva frattura. L’analisi delle Linee Guida Internazionali ha permesso di individuare i key points, segnalandone i livelli di evidenza da seguire per la diagnosi, per lo studio dei fattori di rischio, la diagnostica strumentale, il rischio di caduta, la somministrazione di calcio e vitamina D e la terapia farmacologica antifratturativa. 10 Red Flags che rappresentano lo strumento più valido per ottenere una corretta individuazione del paziente fratturato ed ottemperare ad una gestione mirata a ridurre il rischio di una mancata diagnosi e diminuire il rischio di frattura.
|
| 650 |
|
0 |
|a Medicine.
|
| 650 |
|
0 |
|a Metabolic diseases.
|
| 650 |
|
0 |
|a Orthopedics.
|
| 650 |
1 |
4 |
|a Medicine & Public Health.
|
| 650 |
2 |
4 |
|a Orthopedics.
|
| 650 |
2 |
4 |
|a Metabolic Diseases.
|
| 700 |
1 |
|
|a Resmini, Giuseppina.
|e author.
|
| 710 |
2 |
|
|a SpringerLink (Online service)
|
| 773 |
0 |
|
|t Springer eBooks
|
| 776 |
0 |
8 |
|i Printed edition:
|z 9788847018808
|
| 856 |
4 |
0 |
|u http://dx.doi.org/10.1007/978-88-470-1881-5
|z Full Text via HEAL-Link
|
| 912 |
|
|
|a ZDB-2-SME
|
| 950 |
|
|
|a Medicine (Springer-11650)
|